000 00488nam a22001697a 4500
999 _c8369
_d8369
008 201117b ||||| |||| 00| 0 eng d
040 _aBMS College of Architecture
100 _aK, R, Ramitha
245 _aMetamorphosis
300 _a47p.
500 _a1BM15AT075
502 _8B,Arch
_NBMS College of Architecture, Visvesvaraya Technological University (VTU)
_aProject report
_d2019
650 _aNA
700 _aJeeno George
_eGuide
700 _aRema V
_eGuide
942 _2ddc
_cTHE